000 00388nam a2200133Ia 4500
008 220204s9999 xx 000 0 und d
082 _a339.1
_bWAT
100 _aMORLEY, J
245 0 _aSucceeful commodity futures trading: How you can make money in commodity markets
260 _aLondon
_bBusiness
_c1974
650 _aCommodity futures trading
700 _aWATLING, T F
942 _cBK
999 _c27224
_d27224